000 00359 a2200109 4500
001 ART_3167
005 20260410161712.0
008 260409a
245 1 0 _aEl sistema político brasileño: algunas características y perspectivas
100 1 _aLafer, Celso
773 0 _tDesarrollo económico
_g- Vol. 14, Nº 56 (ene./mar. 1975)
_wREV1174
999 _c16203
_d16203